| 000 | 00825nas a2200253 454500 | ||
|---|---|---|---|
| 001 | 35418 | ||
| 005 | 20260407193509.0 | ||
| 008 | 260407s2000####ag###########|||spa#d | ||
| 003 | AR-UNSa-BCEJYS | ||
| 040 |
_aAR-UNSa-BCEJYS _bspa _cAR-UNSa-BCEJYS |
||
| 080 |
_a336.71 _xBancos. Sistema bancario |
||
| 245 | 1 | 0 |
_aMemoria anual _nAnnual report |
| 264 | 1 |
_aBuenos Aires : _bAsociación de Bancos de la Argentina (ABA) _c2000 |
|
| 310 | _aFrecuencia: Anual | ||
| 041 | _aspa | ||
| 942 | _cSER | ||
| 590 | _aniveau_biblio:s niveau_hierar:1 | ||
| 100 | 1 | _aAsociación de Bancos de la Argentina (ABA) | |
| 650 | _aCrédito | ||
| 650 | _aFINANCIAMIENTO | ||
| 650 | _aOPERACIONES BANCARIAS | ||
| 650 | _aDEPOSITOS BANCARIOS | ||
| 856 | 4 | 1 |
_uhttps://biblioeco.unsa.edu.ar/pmb/images/revistas/R17935.jpg _yImagen de portada _qimage/jpeg |
| 999 |
_c8766 _d8766 |
||